00566cam a2200169u 4500001000800000005001700008008004100025010001700066040001900083050001600102100005800118245004100176260004800217300004700265610004600312610003800358778097020140214150557.0810825s1918 enkf 000 0 eng  a 19003611  aDLCcCarPdDLC00aLF295b.B151 aBall, Walter William Rouse,d1850- [from old catalog]00aCambridge papers towards a Biblical. aLondon,bMacmillan and co., limited,c1918. avi p., 1 l.,b326 p. incl. plates.c21 cm.20aTrinity College (University of Cambridge)20aUniversity of CambridgexHistory.